Central Library OPAC University of Rajshahi

Human capital formation and its utilization / (Record no. 2485)

MARC details
000 -LEADER
fixed length control field 00851cam a2200265 i 4500
001 - CONTROL NUMBER
control field 2485
003 - CONTROL NUMBER IDENTIFIER
rucl marc code BD-RjUL
005 - DATE AND TIME OF LATEST TRANSACTION
control field 20211208233549.0
008 - FIXED-LENGTH DATA ELEMENTS--GENERAL INFORMATION
fixed length control field 131211s1979 ii a b 001 0 eng
035 ## - SYSTEM CONTROL NUMBER
System control number (BD-RjUL)2512
040 ## - CATALOGING SOURCE
Original cataloging agency DLC
Transcribing agency DLC
Modifying agency DLC
-- BD-RjUL
Language of cataloging eng
041 ## - LANGUAGE CODE
Language code of text/sound track or separate title eng
082 00 - DEWEY DECIMAL CLASSIFICATION NUMBER
Classification number 331.11
Author mark and year DHH 1979
100 1# - MAIN ENTRY--PERSONAL NAME
Personal name Dhesi, Autar S.
Fuller form of name (Autar Singh)
9 (RLIN) 8051
245 10 - TITLE STATEMENT
Title Human capital formation and its utilization /
Statement of responsibility, etc. Autar S. Dhesi.
260 ## - PUBLICATION, DISTRIBUTION, ETC. (IMPRINT)
Place of publication, distribution, etc. New Delhi :
Name of publisher, distributor, etc. Sterling,
Date of publication, distribution, etc. c1979.
300 ## - PHYSICAL DESCRIPTION
Pagination xi, 291 p. :
Illustrations ill. ;
Size 22 cm.
500 ## - GENERAL NOTE
General note A revision of the author's thesis, University of Birmingham.
504 ## - BIBLIOGRAPHY, ETC. NOTE
Bibliography, etc Includes bibliographical references and indexes.
650 #0 - SUBJECT ADDED ENTRY--TOPICAL TERM
Topical term or geographic name as entry element Human capital.
9 (RLIN) 8052
Topical term or geographic name as entry element Manpower policy.
9 (RLIN) 8024
Topical term or geographic name as entry element Education
General subdivision Economic aspects.
9 (RLIN) 6567
942 ## - ADDED ENTRY ELEMENTS (KOHA)
Source of classification or shelving scheme Dewey Decimal Classification
Koha item type Books
Holdings
Lost status Source of classification or shelving scheme Damaged status Not for loan Collection code Permanent Location Current Location Shelving location Date acquired Source of acquisition Cost, normal purchase price Total Checkouts Full call number Date last seen Copy number Koha item type
  Dewey Decimal Classification   Not For Loan Non-fiction Central Library, University of Rajshahi Central Library, University of Rajshahi Reading Room 24/04/1985 Tulip 100.00   331.11 DHH 1979 11/12/2013 C-1 Books
  Dewey Decimal Classification     Non-fiction Central Library, University of Rajshahi Central Library, University of Rajshahi   24/04/1985 Tulip 100.00   331.11 DHH 1979 15/06/2016 C-3 Books
  Dewey Decimal Classification     Non-fiction Central Library, University of Rajshahi Central Library, University of Rajshahi   24/04/1985 Tulip 100.00   331.11 DHH 1979 16/06/2016 C-4 Books
  Dewey Decimal Classification     Non-fiction Central Library, University of Rajshahi Central Library, University of Rajshahi   24/04/1985 Tulip 100.00   331.11 DHH 1979 17/12/2016 C-5 Books
  Dewey Decimal Classification     Non-fiction Central Library, University of Rajshahi Central Library, University of Rajshahi   24/04/1985 Tulip 100.00   331.11 DHH 1979 17/12/2016 C-6 Books